| 000 | 00475nam a2200157Ia 4500 | ||
|---|---|---|---|
| 008 | 240729s9999 xx 000 0 und d | ||
| 022 | _a2750-6258 | ||
| 245 | 0 | _aGerman Journal of Pharmaceuticals and Biomaterials | |
| 260 | _aGermany | ||
| 260 | _bGerman Journal of Pharmaceuticals and Biomaterials | ||
| 650 | _a Pharmacy and materia medica | ||
| 650 | _aMedicine | ||
| 856 | _uhttps://doaj.org/toc/43fe5ec52b4e4ca79fae4646fc8f76be | ||
| 942 | _2ddc | ||
| 942 | _cDOAJEJ | ||
| 999 |
_c67999 _d67999 |
||
| 945 |
_a1 _bMadushi Gamage _c1 _dMadushi Gamage |
||